000 00561cam a2200205ua 4500
001 2143
008 110804n ii |||gr||||Z||||||asm
020 _a81-7339-048-7
040 _cMAIN
082 _a370.15
100 _aThakur, Sabita,
_eAuthor.
245 1 _aShiksha monobigyan aru saikhik parisankhya
_cby Thakur, Sabita
250 _a2nd.
260 _aDibrugarh:
_bBanalata,994.
300 _ax; 320p:
_c23cm.
653 _aEducation
653 _aShiksha monobigyan aru saikhik parisankhya
700 _aGoswami, Rajani Kanta,
_eAuthor.
942 _cBK
999 _c2011
_d2011